[Event "SA-2011-0-00199"]
[Site "LSS email"]
[Date "2011.06.22"]
[Round "?"]
[White "Giurgiu, Nicolas T"]
[Black "Aalderink, Gerwin"]
[Result "1-0"]
[WhiteElo "2081"]
[BlackElo "2053"]
[PlyCount "123"]
[EventDate "2011.05.19"]
[EventType "tourn (corr)"]
[EventRounds "6"]
[EventCountry "GER"]
[SourceTitle "Telechess CBM 153"]
[Source "ChessBase"]
[SourceDate "2013.03.14"]
[SourceVersion "1"]
[SourceVersionDate "2013.03.14"]
[SourceQuality "1"]

1. e4 c6 2. d4 d5 3. f3 e6 4. Nc3 Qb6 5. f4 Be7 6. Nf3 Nf6 7. e5 Ne4 8. Nxe4 dxe4 9. Ng5 Bxg5 10. fxg5 0-0 11. c3 c5 12. dxc5 Qxc5 13. Qd6 Qa5 14. Be3 Nc6 15. Qc5 Qxc5 16. Bxc5 Rd8 17. Bd6 f6 18. gxf6 gxf6 19. g4 Nxe5 20. Bxe5 fxe5 21. Bg2 Bd7 22. Bxe4 Bc6 23. Bxc6 bxc6 24. 0-0 Rd2 25. Rf2 Rxf2 26. Kxf2 Rf8+ 27. Ke2 Rf4 28. h3 h5 29. gxh5 Rh4 30. Rh1 Kh7 31. b4 Kg7 32. a4 Kf6 33. Ke3 Kf7 34. h6 Kg6 35. Kd3 e4+ 36. Kd4 Kxh6 37. Ke5 e3 38. Re1 Rxh3 39. Kxe6 Kg5 40. Ke5 Kg6 41. Kd4 Rh4+ 42. Kd3 c5 43. bxc5 Rxa4 44. Rxe3 Kf6 45. Re8 Kf7 46. Re5 Rf4 47. c6 Rg4 48. Rd5 Rg6 49. Rc5 Rg8 50. Kc4 Ke8 51. Rd5 Rg4+ 52. Kb5 Rg7 53. c4 Rc7 54. c5 Rf7 55. Ka6 Rc7 56. Rd6 Re7 57. Rd7 Re1 58. Kb7 Re5 59. Rh7 Rxc5 60. c7 a5 61. c8Q+ Rxc8 62. Kxc8 1-0

[Event "SA-2011-0-00199"]
[Site "LSS email"]
[Date "2011.06.22"]
[Round "?"]
[White "Giurgiu, Nicolas T"]
[Black "Knoeppel, Bjoern"]
[Result "1-0"]
[WhiteElo "2081"]
[BlackElo "1985"]
[PlyCount "85"]
[EventDate "2011.05.19"]
[EventType "tourn (corr)"]
[EventRounds "6"]
[EventCountry "GER"]
[SourceTitle "Telechess CBM 153"]
[Source "ChessBase"]
[SourceDate "2013.03.14"]
[SourceVersion "1"]
[SourceVersionDate "2013.03.14"]
[SourceQuality "1"]

1. e4 g6 2. d4 Bg7 3. c4 c5 4. d5 e5 5. Nc3 d6 6. Nf3 Nd7 7. Bd3 Ne7 8. a3 0-0 9. 0-0 h6 10. b4 f5 11. Bd2 b6 12. Qc2 f4 13. Rfb1 Qc7 14. Rb2 a6 15. Na4 Rb8 16. Rab1 cxb4 17. Rxb4 a5 18. Rxb6 Nxb6 19. Bxa5 Qd7 20. Bxb6 Ba6 21. Nc3 Nc8 22. Ba5 Rxb1+ 23. Qxb1 Bf6 24. h3 g5 25. Be2 h5 26. Nh2 Bd8 27. Bb4 Bb6 28. Nb5 Kg7 29. Bxh5 Bxb5 30. cxb5 Qxb5 31. Qd1 Qc4 32. Nf3 Bd8 33. Nd2 Qa6 34. Qg4 Be7 35. Nf3 Qe2 36. Bg6 Qd1+ 37. Kh2 Qe2 38. Bf5 Qxf2 39. Qh5 Rxf5 40. exf5 Qc2 41. Qg6+ Kf8 42. Qh6+ Ke8 43. f6 1-0

[Event "BI-2011-P-00025"]
[Site "LSS email"]
[Date "2011.04.17"]
[Round "?"]
[White "Giurgiu, Nicolas T"]
[Black "Komissarov, Yaroslav"]
[Result "1-0"]
[WhiteElo "2126"]
[BlackElo "1897"]
[PlyCount "105"]
[EventDate "2011.04.20"]
[EventType "tourn (corr)"]
[EventRounds "10"]
[EventCountry "GER"]
[SourceTitle "Telechess CBM 155"]
[Source "ChessBase"]
[SourceDate "2013.07.16"]
[SourceVersion "1"]
[SourceVersionDate "2013.07.16"]
[SourceQuality "1"]

1. d4 d5 2. c4 c6 3. Nc3 e5 4. e3 exd4 5. exd4 Nf6 6. Nf3 Be7 7. Bd3 0-0 8. h3 dxc4 9. Bxc4 b5 10. Bb3 b4 11. Ne2 c5 12. 0-0 Bb7 13. Ng3 Nc6 14. Be3 cxd4 15. Nxd4 Nxd4 16. Qxd4 Qxd4 17. Bxd4 Rfd8 18. Nf5 Bf8 19. Nh6+ gxh6 20. Bxf6 Rd6 21. Be5 Rd7 22. Rac1 a5 23. Rfd1 Rxd1+ 24. Rxd1 a4 25. Bc4 Re8 26. f4 Bc6 27. Rd3 Bc5+ 28. Kh2 Kf8 29. Bd6+ Bxd6 30. Rxd6 Rc8 31. b3 Kg7 32. g4 a3 33. f5 Be4 34. Kg3 Bb1 35. Rb6 Rd8 36. Rxb4 Bd3 37. Kh4 Bxc4 38. bxc4 Rd3 39. Rb6 Rc3 40. Ra6 h5 41. Kg5 h6+ 42. Rxh6 hxg4 43. hxg4 Rxc4 44. Rh3 f6+ 45. Kh4 Ra4 46. Rb3 Ra7 47. Kh5 Kh7 48. Rb6 Kg7 49. Rc6 Kf7 50. Kh6 Ra4 51. Rc7+ Kg8 52. g5 fxg5 53. Kg6 1-0

[Event "BI-2011-P-00025"]
[Site "LSS email"]
[Date "2011.04.17"]
[Round "?"]
[White "Pluemmer, Rolf"]
[Black "Giurgiu, Nicolas T"]
[Result "1-0"]
[WhiteElo "2194"]
[BlackElo "2126"]
[PlyCount "83"]
[EventDate "2011.04.20"]
[EventType "tourn (corr)"]
[EventRounds "10"]
[EventCountry "GER"]
[SourceTitle "Telechess CBM 157"]
[Source "ChessBase"]
[SourceDate "2013.11.12"]
[SourceVersion "1"]
[SourceVersionDate "2013.11.12"]
[SourceQuality "1"]

1. c4 e5 2. Nc3 Nf6 3. g3 Nc6 4. Bg2 Bc5 5. e3 0-0 6. Nge2 Re8 7. 0-0 d6 8. a3 Bb6 9. d4 a5 10. h3 Bd7 11. b3 Qc8 12. Kh2 h6 13. Bb2 exd4 14. exd4 Ne7 15. Nf4 Nf5 16. Ncd5 Nxd5 17. Nxd5 Ba7 18. Nf4 c6 19. Nh5 Qd8 20. d5 c5 21. Bf6 gxf6 22. Qg4+ Kh8 23. Qf4 Re5 24. g4 Qf8 25. Nxf6 Bc8 26. gxf5 Qg7 27. Nh5 Qg5 28. Qxg5 hxg5 29. f4 gxf4 30. Rxf4 Bb6 31. Be4 Bd8 32. Rg1 Bd7 33. a4 Be7 34. f6 Rxh5 35. fxe7 f5 36. Rgf1 Re8 37. Bxf5 Rxf5 38. Rxf5 Bxf5 39. Rxf5 Rxe7 40. Rf6 Re3 41. Rxd6 Rxb3 42. Rd7 1-0

[Event "BI-2011-P-00025"]
[Site "LSS email"]
[Date "2011.04.17"]
[Round "?"]
[White "Stadler, Pavel"]
[Black "Giurgiu, Nicolas T"]
[Result "0-1"]
[WhiteElo "1199"]
[BlackElo "2126"]
[PlyCount "78"]
[EventDate "2011.04.20"]
[EventType "tourn (corr)"]
[EventRounds "10"]
[EventCountry "GER"]
[SourceTitle "Telechess CBM 155"]
[Source "ChessBase"]
[SourceDate "2013.07.16"]
[SourceVersion "1"]
[SourceVersionDate "2013.07.16"]
[SourceQuality "1"]

1. e4 c5 2. Nf3 d6 3. d4 cxd4 4. Nxd4 Nf6 5. f3 Nc6 6. c4 Qb6 7. Nxc6 bxc6 8. Nc3 e6 9. Na4 Qc7 10. Be3 d5 11. cxd5 exd5 12. Qc2 Bb4+ 13. Nc3 dxe4 14. fxe4 0-0 15. Be2 Qe5 16. 0-0 Re8 17. Rac1 Be6 18. a3 Bd6 19. g3 Bh3 20. Rf2 Nxe4 21. Bf4 Qxc3 22. bxc3 Bc5 23. Bf1 Nxf2 24. Bxh3 Nxh3+ 25. Kg2 Nxf4+ 26. gxf4 Bxa3 27. Rb1 Bc5 28. h4 g6 29. h5 Kg7 30. hxg6 hxg6 31. Rb7 Re6 32. c4 Rae8 33. Qc3+ Kg8 34. Rb2 Re4 35. Qf3 Rxc4 36. Qxc6 Ree4 37. Qf6 Bb6 38. f5 Rf4 39. Re2 Rc8 0-1

[Event "BI-2011-P-00025"]
[Site "LSS email"]
[Date "2011.04.17"]
[Round "?"]
[White "Suwara, Kazimierz"]
[Black "Giurgiu, Nicolas T"]
[Result "0-1"]
[WhiteElo "1827"]
[BlackElo "2126"]
[PlyCount "122"]
[EventDate "2011.04.20"]
[EventType "tourn (corr)"]
[EventRounds "10"]
[EventCountry "GER"]
[SourceTitle "Telechess CBM 155"]
[Source "ChessBase"]
[SourceDate "2013.07.16"]
[SourceVersion "1"]
[SourceVersionDate "2013.07.16"]
[SourceQuality "1"]

1. e4 c5 2. Nf3 Nc6 3. Bb5 g6 4. d4 Qa5+ 5. Nc3 Bg7 6. Bxc6 dxc6 7. 0-0 cxd4 8. Nxd4 Nf6 9. h3 0-0 10. Qf3 Rd8 11. Be3 Qc7 12. Rfd1 Ne8 13. Rd3 e5 14. Nb3 Rxd3 15. cxd3 b6 16. Rd1 c5 17. Nd5 Qd7 18. Nc3 Bb7 19. h4 f5 20. Bc1 f4 21. Nd2 Rd8 22. Nc4 b5 23. Na5 Ba8 24. Nb3 Bf8 25. g3 b4 26. Nd5 Bxd5 27. exd5 Qxd5 28. Qxd5+ Rxd5 29. Rd2 fxg3 30. fxg3 Nd6 31. g4 Bh6 32. g5 Bf8 33. Kg2 Nf5 34. Kf3 Kf7 35. Ke4 Ke6 36. Rc2 a5 37. Be3 Ng3+ 38. Kf3 Rxd3 39. Nc1 e4+ 40. Kf2 Kd5 41. Nxd3 exd3 42. Rc1 Ne2 43. Rd1 c4 44. h5 Bg7 45. hxg6 hxg6 46. b3 Nc3 47. Rc1 Ne4+ 48. Kf3 c3 49. Rd1 d2 50. Ke2 Bd4 51. Bf4 c2 52. Rxd2 Nc3+ 53. Kf3 c1Q 54. Rxd4+ Kxd4 55. Bxc1 Nxa2 56. Bb2+ Kd3 57. Kf4 Nc3 58. Ke5 Kc2 59. Ba1 Kb1 60. Kf6 Kxa1 61. Kxg6 Ne4 0-1